000 00663nam a2200229Ia 4500
003 GCL
008 140319s9999 xx 000 0 ara d
040 _aGCL /
_cGCL
082 0 4 _a801
_bع ا
100 1 _aعابد خزندار
245 1 0 _aالابداع /
_cعابد خزندار
260 _a[S.N] :
_bالهيئة المصرية العامة للكتاب ،
_c1988
300 _a155 ص
490 _a
650 0 4 _aالادب
650 0 4 _aالجمال
650 0 4 _aالرمزية
650 0 4 _aالحبكة الادبية
650 0 4 _aالرومانتيكية فى الادب
650 0 4 _aالرمزية فى الادب
942 _2ddc
_cBK
999 _c29491
_d29491